Loading...
| Religion | 0 | 4 | 0 | 0 | 40 | 8 | 71.50 | 2 | 3 | 17.34 | 28.89 |
| Science - Other | 0 | 3 | 0 | 0 | 30 | 17 | 51.00 | 1 | 1 | 16.74 | 18.89 |
| Mythology | 0 | 2 | 0 | 0 | 20 | 66 | 69.00 | 0 | 2 | 8.46 | 17.78 |
| Philosophy | 0 | 2 | 0 | 0 | 20 | 54 | 68.00 | 0 | 2 | 8.78 | 16.67 |
| Fine Arts - Other | 0 | 1 | 0 | 0 | 10 | 103 | 103.00 | 0 | 1 | 0.00 | 4.44 |
| Popular Culture | 0 | 1 | 0 | 0 | 10 | 121 | 121.00 | 0 | 0 | 0.00 | 4.44 |
| Literature - World | 0 | 1 | 0 | 0 | 10 | 88 | 88.00 | 0 | 1 | 2.21 | 7.78 |
| History - American | 0 | 1 | 0 | 0 | 10 | 92 | 92.00 | 0 | 0 | 1.64 | 3.33 |
| History - World | 0 | 1 | 0 | 0 | 10 | 64 | 64.00 | 0 | 0 | 3.73 | 4.44 |
| Literature - American | 0 | 1 | 0 | 1 | 10 | 127 | 127.00 | 0 | 0 | 0.00 | 4.44 |
| Literature - British | 0 | 0 | 0 | 0 | 0 | 0.00 | 0 | 0 | 0.00 | 0.00 |